000 00636nam a2200217Ia 4500
005 20241129120047.0
008 241129s9999||||xx |||||||||||||| ||und||
020 _a9781399804462
037 _aTB
040 _aSDCL
_beng
_cSDCL
041 _aeng
_2eng
084 _aX:8, R3
_qSDCL
100 _aJohnson Simon; Acemoglu Daron
_9729035
245 0 _aPower and progress: Our thousand-year struggle over technology and prosperity
260 _aLondon
_bBasic Books
_c2023
300 _avii,546p.
365 _aINR
_b899
650 _aBusiness Economics and Finance
942 _cTB
_hX:8, R3
999 _c1233179
_d1233179